Handbook of green science / (Record no. 756340)
[ view plain ]
| 000 -LEADER | |
|---|---|
| fixed length control field | 00322nam a22001337a 4500 |
| 020 ## - INTERNATIONAL STANDARD BOOK NUMBER | |
| ISBN | 9789383101269 |
| 082 ## - DEWEY DECIMAL CLASSIFICATION NUMBER | |
| Classification number | 577 SHU.H |
| 100 ## - MAIN ENTRY--AUTHOR NAME | |
| Personal name | Shukla, O.P. |
| 245 ## - TITLE STATEMENT | |
| Title | Handbook of green science / |
| 260 ## - PUBLICATION, DISTRIBUTION, ETC. (IMPRINT) | |
| Place of publication | New Delhi: |
| Name of publisher | Agrotech Press, |
| Year of publication | c2025. |
| 300 ## - PHYSICAL DESCRIPTION | |
| Number of Pages | 272 p. |
| 942 ## - ADDED ENTRY ELEMENTS (KOHA) | |
| Source of classification or shelving scheme | Dewey Decimal Classification |
| Koha item type | Book |
| Withdrawn status | Lost status | Source of classification or shelving scheme | Damaged status | Not for loan | Home Library | Current Location | Shelving location | Date acquired | Source of acquisition | Full call number | Accession Number | Price effective from | Koha item type |
|---|---|---|---|---|---|---|---|---|---|---|---|---|---|
| Dewey Decimal Classification | Dept. of Botany | Dept. of Botany | General Stacks | 18/02/2026 | Southern book star | 577 SHU.H | BOT10932 | 18/02/2026 | Book |
